UK construction in good health (Record no. 72954)

MARC details
000 -LEADER
fixed length control field 01141cam a2200193 4500
001 - CONTROL NUMBER
control field WB3925-01
008 - FIXED-LENGTH DATA ELEMENTS--GENERAL INFORMATION
fixed length control field 030701n2003 000 0 eng u
035 ## - SYSTEM CONTROL NUMBER
System control number (Sirsi) u122819
245 ## - TITLE STATEMENT
Title UK construction in good health
260 ## - PUBLICATION, DISTRIBUTION, ETC.
Date of publication, distribution, etc. 2003
490 ## - SERIES STATEMENT
Series statement RICS Press Release
Volume/sequential designation (pr065) 27 June 2003 (2)
520 ## - SUMMARY, ETC.
Summary, etc. The latest RICS "Construction market survey" for the second quarter 2003 reveals that the high level of investment in public building projects such as schools and hospitals is keeping the UK construction industry in good health. The survey shows that 29% of chartered surveyors in the construction industry reported increases in workload although the private construction sector is experiencing a slowdown. "Construction market survey" at www.rics.org/ricscms/bin/show?class=MarketSurvey&template=/includes/showmarketsurvey.html&id=60. www.rics.org/ricscms/bin/show?class=PressRelease&template=/includes/showpr.html&id=949
590 ## - LOCAL NOTE (RLIN)
Local note WB
650 ## - SUBJECT ADDED ENTRY--TOPICAL TERM
Topical term or geographic name entry element PUBLIC CONSTRUCTION PROJECTS
650 ## - SUBJECT ADDED ENTRY--TOPICAL TERM
Topical term or geographic name entry element CONSTRUCTION INDUSTRY
650 ## - SUBJECT ADDED ENTRY--TOPICAL TERM
Topical term or geographic name entry element GOVERNMENT SPENDING
690 ## - LOCAL SUBJECT ADDED ENTRY--TOPICAL TERM (OCLC, RLIN)
Topical term or geographic name as entry element BUILT ENVIRONMENT-CONSTRUCTION MARKET
942 ## - ADDED ENTRY ELEMENTS (KOHA)
Suppress in OPAC 0
Holdings
Withdrawn status Lost status Source of classification or shelving scheme Damaged status Not for loan Home library Current library Shelving location Date acquired Total Checkouts Full call number Barcode Date last seen Copy number Price effective from Koha item type
    Dewey Decimal Classification     London London News article 01/07/2003   WB3925-01 122819-1001 06/08/2019 1 06/08/2019 News article